header

Scaling up health service delivery (Record no. 152401)

MARC details
000 -LEADER
fixed length control field 01460nam a2200385 a 4500
082 04 - DEWEY DECIMAL CLASSIFICATION NUMBER
Classification number 362.1068
245 00 - TITLE STATEMENT
Title Scaling up health service delivery
260 ## - PUBLICATION, DISTRIBUTION, ETC. (IMPRINT)
Place of publication Geneva :
Name of publisher World Health Organization,
Year of publication c2007.
300 ## - PHYSICAL DESCRIPTION
Number of Pages xviii, 183 p. :
Other physical details ill.
650 #0 - SUBJECT ADDED ENTRY--TOPICAL TERM
Topical Term Medical care.
Topical Term Health services administration.
Topical Term Health planning.
Topical Term Health care reform.
Topical Term Organizational change.
700 1# - ADDED ENTRY--PERSONAL NAME
Personal name Simmons, Ruth.
Personal name Fajans, Peter.
Personal name Ghiron, Laura.
856 40 - ELECTRONIC LOCATION AND ACCESS
Uniform Resource Identifier http://site.ebrary.com/lib/rucke/Doc?id=10233788

No items available.

© 2026 Rongo University
Contact us: librarian | system librarian | Rongo university